Noah's walk : (Record no. 10014)

MARC details
000 -LEADER
fixed length control field 01319nam a22002777a 4500
001 - CONTROL NUMBER
control field 10014
003 - CONTROL NUMBER IDENTIFIER
control field FISKH
005 - DATE AND TIME OF LATEST TRANSACTION
control field 20260327122813.0
008 - FIXED-LENGTH DATA ELEMENTS--GENERAL INFORMATION
fixed length control field 260327b cb ||||| |||| 00| 0 eng d
020 ## - INTERNATIONAL STANDARD BOOK NUMBER
International Standard Book Number 9780545861588
040 ## - CATALOGING SOURCE
Original cataloging agency FISKH
Language of cataloging eng
Transcribing agency FISKH
Modifying agency FISKH
082 ## - DEWEY DECIMAL CLASSIFICATION NUMBER
Classification number 796.51
100 ## - MAIN ENTRY--PERSONAL NAME
Personal name Pinkney , Nekisha
245 ## - TITLE STATEMENT
Title Noah's walk :
Remainder of title An 1, 800-mile journey to raise awareness about homelessness /
Statement of responsibility, etc. A true story by Nekisha Pickney and Noah Rattler : Illustrated by Theaddeus Lavalais
260 ## - PUBLICATION, DISTRIBUTION, ETC.
Place of publication, distribution, etc. New York :
Name of publisher, distributor, etc. Scholastic ,
Date of publication, distribution, etc. 2014.
300 ## - PHYSICAL DESCRIPTION
Extent 30 pages :
Other physical details color illustrations ;
Dimensions 255 cm .
505 ## - FORMATTED CONTENTS NOTE
Formatted contents note W <br/>
520 ## - SUMMARY, ETC.
Summary, etc. Noah�s Walk follows Noah Rattler, as he walked from Houston, Texas to Los Angeles, California to raise awareness for homelessness. His journey covered 1,800 miles, over a four and a half month time span! Noah’s Walk talks about his accomplishments and challenges, while serving as a fun learning tool that teaches Civic Responsibility, Social & Cultural Awareness, Geography and much more… Noah’s Walk is suitable for all ages!.
521 8# - TARGET AUDIENCE NOTE
Target audience note 870 <br/>
Source Lexile <br/>
521 8# - TARGET AUDIENCE NOTE
Target audience note W <br/>
Source Raz-Plus <br/>
650 ## - SUBJECT ADDED ENTRY--TOPICAL TERM
Topical term or geographic name entry element Homelessness
Form subdivision Non-fiction
650 ## - SUBJECT ADDED ENTRY--TOPICAL TERM
Topical term or geographic name entry element Black history
Form subdivision Non-fiction
700 ## - ADDED ENTRY--PERSONAL NAME
Personal name Lavalais , Thaddeus
Relator term Illustrator
942 ## - ADDED ENTRY ELEMENTS (KOHA)
Source of classification or shelving scheme Dewey Decimal Classification
Koha item type Books
Suppress in OPAC No
Holdings
Withdrawn status Lost status Source of classification or shelving scheme Damaged status Not for loan Collection Home library Current library Shelving location Date acquired Total Checkouts Full call number Barcode Date last seen Price effective from Koha item type
    Dewey Decimal Classification     Non-Fiction Footprints International School Library Network Toul Tom Poung Campus Footprints International School Library Network Toul Tom Poung Campus TTP Secondary Non-Fiction Bookshelves 03/27/2026   PIC 796.51 FISBK05591 03/27/2026 03/27/2026 Books